000 00360nam a2200133Ia 4500
008 230312s9999||||xx |||||||||||||| ||und||
082 _a891.4
_bRAF-D
100 _aرفیع الدّین ذکی قریشی اشرفی
245 0 _aدرمانِ دلِ مُضطرَ
260 _bAlmadina
_apak
_c2017
300 _a144
650 _aUrdu Literature
942 _cBK
999 _c13462
_d13462